00458nam a2200145Ia 4500008004100000020001800041041000800059082001800067100001900085245014100104250000600245260003300251300001300284650001500297210716s2013 xx 000 0 und d a9780143419839 aeng a658.4092 IYEP aIyer, Prakash. aSecret of leadership: stories to awaken inspire and unleash the leader within.bStories to awaken inspire and unleash the leader within. a1 aHaryanabPenguin Booksc2013 axxii,250 aLeadership